Moderne vertragstypen
Sábháilte in:
| Príomhchruthaitheoir: | |
|---|---|
| Formáid: | LEABHAR |
| Teanga: | Gearmáinis |
| Foilsithe / Cruthaithe: |
Múnich
C. H. Beck
1991
|
| Sraith: | Jus-Schriftenreihe
|
| Ábhair: | |
| Clibeanna: |
Cuir clib leis
Níl clibeanna ann, Bí ar an gcéad duine le clib a chur leis an taifead seo!
|
MARC
| LEADER | 00000nam a2200000 a 4500 | ||
|---|---|---|---|
| 001 | UCG0943 | ||
| 003 | CL-VaPUC | ||
| 008 | 100415e19910000GW |||||||||||||||||ger|d | ||
| 020 | |a 3406350224 | ||
| 082 | 0 | 4 | |a 346.02 |b MAR |2 21 |
| 100 | |a Martinek, Michael |e autor |9 548616 | ||
| 245 | 1 | 0 | |a Moderne vertragstypen |
| 300 | |a v | ||
| 942 | |c BK | ||
| 945 | |d 20100415 00:00:00 |a rbrito | ||
| 260 | |a Múnich |b C. H. Beck |c 1991 | ||
| 500 | |a v.1: Leasing und factoring | ||
| 500 | |a v.2: Franchising, know-how-verträge, management und consultingverträge | ||
| 500 | |a v.3: Computerverträge, kredikartenverträge sowie sonstige moderne vertragstypen | ||
| 650 | 7 | |a LEASING |2 CL-VaPUC |9 257941 | |
| 650 | 0 | |a Contratos |9 255153 | |
| 650 | 0 | |a Factoring |9 357443 | |
| 650 | 0 | |a Franquicias |9 345093 | |
| 650 | 7 | |a CREDITOS |2 CL-VaPUC |9 548617 | |
| 583 | |a last modification |c 20131230 06:39:03 |k Rodrigo Vera | ||
| 490 | 0 | |a Jus-Schriftenreihe | |
| 999 | |c 340424 |d 340422 | ||
| 952 | |0 0 |1 0 |4 0 |6 346_020000000000000_MAR_1991 |7 0 |8 A |9 435177 |a BIBDER |b BIBDER |d 2019-11-22 |h v.1 |i 4660390 |o 346.02 MAR 1991 |p 4660390 |r 2023-01-25 |w 2019-11-22 |y BK |k DER | ||
| 952 | |0 0 |1 0 |4 0 |6 346_020000000000000_MAR_1991 |7 0 |8 A |9 435178 |a BIBDER |b BIBDER |d 2019-11-22 |h v.2 |i 4660404 |o 346.02 MAR 1991 |p 4660404 |r 2023-01-25 |w 2019-11-22 |y BK |k DER | ||
| 952 | |0 0 |1 0 |4 0 |6 346_020000000000000_MAR_1991 |7 0 |8 A |9 435179 |a BIBDER |b BIBDER |d 2019-11-22 |h v.3 |i 4660412 |o 346.02 MAR 1991 |p 4660412 |r 2023-01-25 |w 2019-11-22 |y BK |k DER | ||